000 02354cam a22005174i 4500
003 PE-LiUPU
005 20250731184601.0
008 150616s1982 sp a r 00 spa
020 _a8470573209
020 _a9788470573200
035 _a(Sirsi) i9788470573200
040 _aPE-LiUPU
_bspa
_cPE-LiUPU
_dPE-LiUPU
_erda
049 _aPRUA
082 0 4 _a930.04924
_bP29
_220
100 1 _aPaul, André,
_eautor.
245 1 3 _aEl mundo judío en tiempos de Jesús :
_bhistoria política /
_cAndré Paul.
264 1 _aMadrid :
_bEdiciones Cristianidad,
_c1982
300 _a265 páginas :
_bilustraciones ;
_c21 centímetros
336 _atext
_2rdacontent
337 _aunmediated
_2rdamedia
338 _avolume
_2rdacarrier
490 0 _aIntroducción a la Lectura de la Biblia ;
_v6
505 0 _aLa situación: Los acontecimientos -- Las fuentes -- Los nombres. La diáspora: -- Visión general de la diáspora -- La diáspora occidental: Egipto y Cirenaica -- La diáspora oriental y septentrional: Siria, Babilonia y Asia menor -- Las ciudades griegas. El territorio nacional: -- La Judea colonizada -- El síndrome asmoneo -- Las ciudades griegas -- La resistencia nacionalista. La sinagoga -- Condiciones negativas de un nuevo espacio judío -- Instauración de una sinagoga universal -- Conclusión final.
526 _aP136
526 _aP135
526 _aP134
526 _aP133
526 _aP144
526 _aP143
526 _aP87
526 _aP35
526 _aP20
526 _aP14
526 _aP10
526 _aP06
650 1 4 _aJudíos
_xHistoria
_y586 a.C.-70 d.C.
942 _2ddc
_cBOOK
949 _a930.04924 P29
_i28900
_lCCODEBUL1
_mBUL
_tLIBRO
_o.STAFF. Circulación
949 _a930.04924 P29
_i21695
_lCCODEBUL1
_mBUL
_tLIBRO
_o.STAFF. Circulación
910 _aaj-em
994 _aC0
_bPEPRU
596 _a1
999 _a930.04924 P29
_wDEWEY
_c55282
_i28900
_d55282
_e2017-4-18
_f2021-11-8
_g6
_lCCODEBUL1
_mBUL
_n3
_p9.33
_r0
_sY
_tBOOK
_u2015-4-23
_xBIBLIOTECA
_PP20
_0COMPRA
_o.STAFF. Colección Ciencias Humanas y Educación
999 _a930.04924 P29
_wDEWEY
_c2
_i21695
_f2021-11-8
_g6
_lCCODEBUL1
_mBUL
_p10.00
_r0
_sY
_tBOOK
_u2015-4-23
_xBIBLIOTECA
_PP20
_0COMPRA
_o.STAFF. Colección Ciencias Humanas y Educación
980 _81
_gALBERTO SANCHEZ Responsable de Automatización